Statistics for P ile Başlayan Ülkeler

Click here to take the quiz!

General Stats

  • This quiz has been taken 1 025 times
  • The average score is 5 of 8

Answer Stats

Ülke% Correct
Polonya
77%
Pakistan
69%
Portekiz
69%
Panama
61%
Peru
60%
Paraguay
52%
Papua Yeni Gine
44%
Palau
40%

Score Distribution

Percentile by Number Answered

Percent of People with Each Score

Your Score History

You have not taken this quiz